High-Ranking Websites that have been blocked in Mainland China - Statistics

General Stats
  • This quiz has been taken 33 times
  • The average score is 10 of 20
Answer Stats
Website Category % Correct
YouTube Video
100%
Facebook Social
96%
Google Search
96%
Instagram Video Sharing
96%
WikiPedia Encyclopedia
93%
Twitter Social
82%
Netflix Entertainment
75%
Spotify Streaming
75%
WhatsApp Messaging
71%
Bing Search
57%
Reddit Social
46%
Pinterest Image Sharing
39%
Messenger Messaging
32%
Tumblr Social
25%
LinkedIn Social
18%
Twitch Streaming
18%
SoundCloud Music Streaming
7%
Skype Social
4%
Zoom Videography
4%
Blogspot Blog
0%
No matching quizzes found
Score Distribution
Percent of People with Each Score
Percentile by Number Answered
Your Score History
You have not taken this quiz